000
00321nam a22001217a 4500
041
_a
ENG
100
_a
Michael.A.M
245
_a
Proceedings Of XI International Congress The Use Of Plastics In Agriculture Supplemetary Volume
260
_a
India
_b
ICPA
_c
1990
300
_a
289
650
_a
GAE (15)
856
_u
GAE (15)
999
_c
2965
_d
2965